Ten thousand things (Record no. 85940)
[ view plain ]
| 000 -LEADER | |
|---|---|
| fixed length control field | 01538nam a2200397 a 4500 |
| 082 04 - DEWEY DECIMAL CLASSIFICATION NUMBER | |
| Classification number | 306.0951/156 |
| 100 1# - MAIN ENTRY--AUTHOR NAME | |
| Personal name | Farquhar, Judith. |
| 245 10 - TITLE STATEMENT | |
| Title | Ten thousand things |
| 260 ## - PUBLICATION, DISTRIBUTION, ETC. (IMPRINT) | |
| Place of publication | New York : |
| Name of publisher | Zone Books, |
| Year of publication | 2012. |
| 300 ## - PHYSICAL DESCRIPTION | |
| Number of Pages | 347 p. : |
| Other physical details | ill., map. |
| 650 #0 - SUBJECT ADDED ENTRY--TOPICAL TERM | |
| Topical Term | Ethnology |
| Topical Term | Socialization |
| Topical Term | Community life |
| Topical Term | Philosophy, Chinese. |
| Topical Term | Medicine, Chinese |
| 700 1# - ADDED ENTRY--PERSONAL NAME | |
| Personal name | Zhang, Qicheng. |
| 856 40 - ELECTRONIC LOCATION AND ACCESS | |
| Uniform Resource Identifier | http://site.ebrary.com/lib/rucke/Doc?id=10579824 |
No items available.
